| 000 | 00828nam a2200205 i 4500 | ||
|---|---|---|---|
| 001 | 55097 | ||
| 003 | ES-MaACL | ||
| 005 | 20250603164949.0 | ||
| 007 | t| | ||
| 008 | 030912s1937 sp ||||1| spa d | ||
| 100 | 1 |
_aDelgado Rodrigo, C. _943482 |
|
| 245 | 1 | 0 |
_aEspaña en el momento internacional _b: crónicas de la guerra publicadas en el "Sindicalista" y otros diarios nacionales y extranjeros / _cpor Delgado Rodrigo ; prólogo del general Miaja. |
| 260 |
_aMadrid : _bRivadeneyra, _c1937. |
||
| 300 |
_a215 p. : _bil. ; _c18 cm. |
||
| 651 | 4 |
_aEspaña- _xHistoria- _y1936-1939, Guerra civil- _xOpinión pública _98317 |
|
| 651 | 4 |
_aEspaña- _xHistoria- _y1936-1939, Guerra civil- _xOpinión extranjera. _98315 |
|
| 700 | 1 |
_aMiaja Menant, José ( _d1878-1958) _980842 |
|
| 852 |
_aES-MaACL _jA-4692 |
||
| 999 |
_c55097 _d55097 |
||